000
00252nam a2200097Ia 4500
001
1193197
005
20250827021707.0
008
250824s9999 xx 000 0 und d
245
0
_a
ÇAĞLARIN SORUMLULUĞU
_c
AYTUNÇ ALTINDAL
260
_b
DESTEK YAYINLARI
999
_c
1193197
_d
1193197